Detalles MARC
| 000 -LEADER |
| fixed length control field |
01470nam a22002297a 4500 |
| 003 - CONTROL NUMBER IDENTIFIER |
| control field |
OSt |
| 005 - DATE AND TIME OF LATEST TRANSACTION |
| control field |
20210309150023.0 |
| 008 - FIXED-LENGTH DATA ELEMENTS--GENERAL INFORMATION |
| fixed length control field |
210309s2007 ck ad||gr|||| 00| 0 spa d |
| 020 ## - INTERNATIONAL STANDARD BOOK NUMBER |
| International Standard Book Number |
9789589771358 |
| 040 ## - CATALOGING SOURCE |
| Original cataloging agency |
CO-JMCR |
| Transcribing agency |
CO-JMCR |
| 041 0# - LANGUAGE CODE |
| Language code of text/sound track or separate title |
spa |
| 082 04 - DEWEY DECIMAL CLASSIFICATION NUMBER |
| Classification number |
362.5 / |
| Item number |
A346c |
| Edition number |
23 |
| 110 2# - MAIN ENTRY--CORPORATE NAME |
| Corporate name or jurisdiction name as entry element |
Colombia. Alcaldía Mayor de Bogotá |
| 9 (RLIN) |
2890 |
| 245 10 - TITLE STATEMENT |
| Title |
Cómo avanzar hacia una Bogotá sin Pobreza / |
| Statement of responsibility, etc. |
Alcaldía Mayor de Bogotá |
| 260 ## - PUBLICATION, DISTRIBUTION, ETC. |
| Place of publication, distribution, etc. |
Bogotá : |
| Name of publisher, distributor, etc. |
El Malpensante, |
| Date of publication, distribution, etc. |
2007 |
| 300 ## - PHYSICAL DESCRIPTION |
| Extent |
122 páginas : |
| Other physical details |
ilustraciones y graficas a blanco y negro ; |
| Dimensions |
21 cm. |
| 505 0# - FORMATTED CONTENTS NOTE |
| Title |
El desarrollo humano : un enfoque propositivo e innovador / |
| Statement of responsibility |
Bruno Moro -- |
| Title |
La lucha contra la pobreza en una Bogotá sin indiferencia / |
| Statement of responsibility |
Luis Eduardo Garzón -- |
| Title |
La lucha contra la pobreza: ¿Colombia está frenando a Bogotá? / |
| Statement of responsibility |
Hernando Gómez Buendía -- |
| Title |
Una posición clara y transparente / |
| Statement of responsibility |
Rafael Santos -- |
| Title |
Un resumen de las estrategias para reducir la pobreza y la desigualdad / |
| Statement of responsibility |
Jairo Núñez -- |
| Title |
El avance de Bogotá en la lucha contra la pobreza / |
| Statement of responsibility |
Consuelo Corredor -- |
| Title |
El entorno a un sistema de protección y seguridad social para la inclusión: a propósito del caso de Bogotá / |
| Statement of responsibility |
Luis Jorge Garay -- |
| Title |
la pobreza y la aglomeración urbana / |
| Statement of responsibility |
Jorge Iván González |
| 650 14 - SUBJECT ADDED ENTRY--TOPICAL TERM |
| Topical term or geographic name entry element |
Asistencia pública |
| Geographic subdivision |
Bogotá (Colombia) |
| 9 (RLIN) |
14608 |
| 650 24 - SUBJECT ADDED ENTRY--TOPICAL TERM |
| Topical term or geographic name entry element |
Alcaldía Mayor |
| 9 (RLIN) |
14609 |
| 650 24 - SUBJECT ADDED ENTRY--TOPICAL TERM |
| Topical term or geographic name entry element |
Departamento Administrativo de Bienestar Social |
| 9 (RLIN) |
14610 |
| 942 ## - ADDED ENTRY ELEMENTS (KOHA) |
| Source of classification or shelving scheme |
Dewey Decimal Classification |
| Koha item type |
Books |